Die 74 häufigsten ♂ ♀ Vornamen in Mecklenburg-Vorpommern - Statistiken

Allgemein
  • Dieses Quiz wurde 77 mal gespielt
  • Das Durchschnittsergebnis liegt bei 40 aus 76
Antwortstatistiken
♂ /♀ Vorname % Korrekt
Mädchen - - > ⤵️
100%
Jungen - - > ⤵️
100%
L3 Leo
85%
E4 Emil
83%
L3 Lia
83%
B3 Ben
78%
I3 Ida
78%
L4 Leon
78%
A4 Anna
76%
H6 Hannah
76%
L3 Lea
76%
M3 Mia
76%
E4 Emma
73%
L4 Lena
71%
P4 Paul
68%
E4 Elli
66%
J6 Johann
66%
L4 Lina
66%
E6 Emilia
63%
K4 Karl
63%
L6 Leonie
63%
C9 Charlotte
61%
F5 Felix
61%
M3 Max
61%
E4 Ella
59%
E5 Emily
59%
F6 Frieda
59%
T4 Theo
59%
J5 Jonas
56%
L4 Leni
56%
M4 Mara
56%
M4 Mila
56%
N4 Noah
56%
C5 Clara
54%
L4 Luna
54%
O5 Oskar
54%
F4 Finn
51%
L3 Lio
51%
L4 Luca
51%
F9 Friedrich
49%
L5 Louis
49%
M8 Mathilda
49%
M6 Matteo
49%
N4 Nele
49%
W5 Willi
49%
A6 Amelie
46%
A5 Anton
46%
J7 Johanna
46%
L4 Liam
46%
M4 Maja
46%
M4 Milo
46%
T4 Thea
46%
E5 Elias
44%
E3 Eva
44%
L5 Lilly
44%
F5 Fiete
41%
L5 Lotta
41%
J6 Jannis
39%
M5 Malia
39%
T7 Theodor
39%
F5 Fritz
37%
H5 Henry
37%
M5 Milan
37%
H6 Hailey
34%
M5 Merle
34%
T4 Till
34%
W7 Wilhelm
34%
J5 Jakob
32%
L4 Levi
32%
R7 Rosalie
32%
M4 Mats
29%
B5 Bruno
22%
H4 Hedi
22%
M6 Martha
17%
S5 Skadi
12%
A5 Aiden
0%
Keine übereinstimmenden Quizze gefunden
Verteilung der Resultate
Anzahl Personen mit jedem Resultat
Perzentil nach korrekt beantworteten Fragen
Ihre Resultats-Entwicklung
Sie haben dieses Quiz noch nicht gespielt